|
|
|
|
| LEADER |
02359nam a2200637 4500 |
| 001 |
ocn908935585 |
| 003 |
OCoLC |
| 005 |
20170124071506.4 |
| 006 |
m o d |
| 007 |
cr ||||||||||| |
| 008 |
150512s2015 nju ob 001 0 eng |
| 010 |
|
|
|a 2015019073
|
| 040 |
|
|
|a DLC
|b eng
|e rda
|c DLC
|d N$T
|d EBLCP
|d DG1
|d DEBSZ
|d YDXCP
|d IDEBK
|d DHA
|d OCLCF
|d TEFOD
|d DEBBG
|d KSU
|d GrThAP
|
| 019 |
|
|
|a 914191735
|
| 020 |
|
|
|a 9781118996447
|q electronic bk.
|
| 020 |
|
|
|a 1118996445
|q electronic bk.
|
| 020 |
|
|
|a 9781118996584
|q electronic bk.
|
| 020 |
|
|
|a 1118996585
|q electronic bk.
|
| 020 |
|
|
|z 9781118995570 (paper/website)
|
| 020 |
|
|
|z 9781119002604
|
| 020 |
|
|
|z 1119002605
|
| 020 |
|
|
|z 1118995570
|
| 029 |
1 |
|
|a DEBSZ
|b 442870361
|
| 029 |
1 |
|
|a GBVCP
|b 834333295
|
| 029 |
1 |
|
|a DEBBG
|b BV043621508
|
| 029 |
1 |
|
|a DEBBG
|b BV043397796
|
| 035 |
|
|
|a (OCoLC)908935585
|z (OCoLC)914191735
|
| 037 |
|
|
|a 812234
|b MIL
|
| 037 |
|
|
|a 44F5C490-5DCD-4997-91A8-BAA6912435A5
|b OverDrive, Inc.
|n http://www.overdrive.com
|
| 042 |
|
|
|a pcc
|
| 050 |
0 |
0 |
|a HG4521
|
| 072 |
|
7 |
|a BUS
|x 027000
|2 bisacsh
|
| 082 |
0 |
0 |
|a 332.64
|2 23
|
| 049 |
|
|
|a MAIN
|
| 100 |
1 |
|
|a Samuels, Jody,
|d 1957-
|
| 245 |
1 |
4 |
|a The trader's pendulum + website :
|b the 10 habits of highly successful traders /
|c Jody Samuels.
|
| 264 |
|
1 |
|a Hoboken, New Jersey :
|b John Wiley & Sons, Inc.,
|c [2015]
|
| 300 |
|
|
|a 1 online resource.
|
| 336 |
|
|
|a text
|2 rdacontent
|
| 337 |
|
|
|a computer
|2 rdamedia
|
| 338 |
|
|
|a online resource
|2 rdacarrier
|
| 490 |
1 |
|
|a The Wiley trading series
|
| 504 |
|
|
|a Includes bibliographical references and index.
|
| 588 |
|
|
|a Description based on print version record and CIP data provided by publisher.
|
| 650 |
|
0 |
|a Investments.
|
| 650 |
|
0 |
|a Investment analysis.
|
| 650 |
|
0 |
|a Speculation.
|
| 650 |
|
7 |
|a BUSINESS & ECONOMICS / Finance
|2 bisacsh
|
| 650 |
|
7 |
|a Investment analysis.
|2 fast
|0 (OCoLC)fst00978180
|
| 650 |
|
7 |
|a Investments.
|2 fast
|0 (OCoLC)fst00978234
|
| 650 |
|
7 |
|a Speculation.
|2 fast
|0 (OCoLC)fst01129139
|
| 655 |
|
4 |
|a Electronic books.
|
| 776 |
0 |
8 |
|i Print version:
|a Samuels, Jody, 1957-
|t Trader's pendulum + website
|d Hoboken, New Jersey : John Wiley & Sons, Inc., [2015]
|z 9781118995570
|w (DLC) 2015017700
|
| 830 |
|
0 |
|a Wiley trading series.
|
| 856 |
4 |
0 |
|u https://doi.org/10.1002/9781119002604
|z Full Text via HEAL-Link
|
| 994 |
|
|
|a 92
|b DG1
|